La nouvelle Loi Anglaise sur les Societés par Actions (Registro nro. 273856)
[ vista simple ]
| 000 -ENCABEZADO | |
|---|---|
| Número de control [NR] | 02527nam a22002897a 4500 |
| 005 - FECHA Y HORA DE LA ÚLTIMA TRANSACCIÓN | |
| control field | 20140903175129.0 |
| 008 - DE LONGITUD FIJA DE DATOS DE ELEMENTOS - INFORMACIÓN GENERAL | |
| Elementos de longitud fija [NR] | 140709s1909 fr ||||fr|||| 001 0 fre d |
| 040 ## - FUENTE DE CATALOGACION [NR] | |
| Quien Cataloga | Sandra Yazo |
| Quien Clasifica | Sandra Yazo |
| 041 1# - CODIGO DE IDIOMA [R] | |
| Código de idioma para texto/pista de sonido o título separado [R] | Francés |
| 082 04 - NUMERO DE CLASIFICACION DECIMAL DEWEY [R] | |
| Número de la edición [NR] | 20 |
| Número de clasificación [R] | 346.7941 |
| 092 ## - SIGNATURA TOPOGRAFICA LOCAL | |
| Número de clasificación local | E31N048 |
| 100 1# - ASIENTO PRINCIPAL--NOMBRE PERSONAL [NR] | |
| Nombre personal [NR] | Méliot, A. |
| Forma más completa del nombre [NR] | (Adolphe) |
| ID Autoridad | 62752 |
| 242 00 - TRADUCCION DEL TITULO POR LA AGENCIA CATALOGADORA [R] | |
| Título [NR] | La nueva ley inglesa sobre Sociedades por Acciones |
| Parte restante del título [NR] | “Compañias (Consolidacion) Act, 1908”, que entró en vigor a partir del 1 de abril de 1909, anulando y sustituyendo la normativa precedente. |
| Mención de responsabilidad, etc. [NR] | Traducida, por vez primera, por M. y A. Méliot. Con fórmulas y cuadros. |
| Código de idioma del título traducido [NR] | spa |
| 245 10 - MENCION DE TITULO [NR] | |
| Título [NR] | La nouvelle Loi Anglaise sur les Societés par Actions |
| Parte restante del título [NR] | “Companies (Consolidation) Act, 1908” en vigueur depuis le 1 avril 1909. Annulant et remplaçant toutes les précédents. |
| Mención de responsabilidad, etc. [NR] | Traduite pour la première fois par M. & A. Méliot avec formules et tableaux. |
| 260 ## - PUBLICACION, DISTRIBUCION, ETC. (PIE DE IMPRENTA) [R] | |
| Lugar de publicación, distribución, etc. [R] | París (Francia) |
| Nombre del editor, distribuidor, etc. [R] | L. Larose y L. Tennin, directores. |
| Fecha de publicación, distribución, etc. [R] | 1909 |
| 300 ## - DESCRIPCION FISICA [R] | |
| Extensión [R] | xxiv, 296 páginas. |
| Dimensiones [R] | 22 x 13 cm. |
| 500 ## - NOTA GENERAL [R] | |
| Nota general [NR] | Detalles físicos: Encuadernación rígida (holandesa) en cartón duro forrado en papel. Lomo en cuero con nervaduras sobre costuras y adornos en dorado. Guardas en papel impreso. Hoja de cortesía. Anteportada. Portada impresa en una sola tinta, con diferentes tipos de letra y un motivo decorativo. Texto impreso en una sola columna, notas al pie de página. |
| 505 1# - NOTA DE CONTENIDO CON FORMATO PREESTABLECIDO [R] | |
| Nota de contenido con formato preestablecido [NR] | Título 1: Constitución e incorporación ; Prohibición de asociaciones muy numerosas ; Título 2: Reparación y reducción del capital social; registro de una compañía, no limitada, como compañía limitada ; La responsabilidad ilimitada de los administradores (Directores) ; Título 3: Dirección y administración ; Título 4: Liquidación ; Título 5: Oficinas de registro e impuestos ; Título 6: Cómo afecta esta Ley a las compañías que se establecieron y registraron bajo la anterior legislación de compañías ; Título 7: Compañías que pueden registrarse en virtud de esta Ley ; Título 8: Liquidación de las compañías no registradas ; Título 9: Compañías establecidas fuera del Reino Unido ; Título 10: Artículos suplementarios. |
| 506 ## - NOTA DE RESTRICCIONES DE ACCESO [R] | |
| Condiciones de acceso [NR] | Consulta en sala. |
| 546 ## - NOTA DE IDIOMA [R] | |
| Nota de idioma [NR] | Texto en francés. |
| 650 #7 - ASIENTO SECUNDARIO DE MATERIA - TERMINO TEMATICO [R] | |
| 9 (RLIN) | 12717 |
| Término temático o nombre geográfico como elemento de entrada [NR] | Derecho comercial |
| Subdivisión geográfica [R] | Inglaterra |
| 650 #7 - ASIENTO SECUNDARIO DE MATERIA - TERMINO TEMATICO [R] | |
| 9 (RLIN) | 24740 |
| Término temático o nombre geográfico como elemento de entrada [NR] | Sociedades comerciales |
| 650 #7 - ASIENTO SECUNDARIO DE MATERIA - TERMINO TEMATICO [R] | |
| 9 (RLIN) | 30074 |
| Término temático o nombre geográfico como elemento de entrada [NR] | Compañías |
| Subdivisión general [R] | Legislación |
| Subdivisión geográfica [R] | Inglaterra |
| 690 ## - ASUNTO AGREGADO LOCAL DE ENTRADA - TÉRMINO TEMÁTICO (OCLC, RLIN) | |
| 9 (RLIN) | 42767 |
| Acceso temático local | Derecho comercial |
| 700 1# - ASIENTO SECUNDARIO - NOMBRE PERSONAL [R] | |
| Nombre personal [NR] | Méliot, M. |
| Forma más completa del nombre [NR] | (Mathilde) |
| 9 (RLIN) | 62753 |
| 942 ## - ELEMENTOS DE ENTRADA AGREGADOS (KOHA) | |
| Tipo de ítem principal el descrito en 300a | Libro |
| Edición | 1 |
| Sistema de clasificación | DEWEY |
| Clasificación | 346.7941 |
| Suprimido | Perdido | Sistema de clasificación | Dañado | No prestable | Tipo de ítem específico | Ubicación habitual | Ubicación actual | Localización | Fecha de creación | Forma de adquisición | Costo | Signatura topográfica | Código de barras | Última vez visto | Ejemplar | Price effective from | Tipo de ítem | Nota pública (OPAC) |
|---|---|---|---|---|---|---|---|---|---|---|---|---|---|---|---|---|---|---|
| LOCAL | Libro archivo | Archivo Histórico | Archivo Histórico | Archivo histórico | 09/07/2014 | Donación | 0.00 | E31N048 | L004355 | 09/07/2014 | Ej.1 | 09/07/2014 | Libro | Bodega Santafé Caja 4 |